Theoretical foundations of multimedia /
Gardado en:
| Autor Principal: | |
|---|---|
| Formato: | Libro |
| Idioma: | English |
| Publicado: |
New York :
Computer Science Press,
1998.
|
| Những chủ đề: | |
| Các nhãn: |
Engadir etiqueta
Sen Etiquetas, Sexa o primeiro en etiquetar este rexistro!
|
| Thư viện lưu trữ: | Mạng thư viện Đại học Đà Nẵng |
|---|
| LEADER | 00849cam a2200325 i 4500 | ||
|---|---|---|---|
| 001 | 000045671 | ||
| 003 | 4866 | ||
| 005 | 20030228160231.0 | ||
| 008 | 010220|1998 vm 000 eng | ||
| 020 | |a 0716783215 | ||
| 040 | |a IRC |c IRC |d IRC | ||
| 041 | 0 | |a eng | |
| 082 | 1 | 4 | |a 006.7 |b TA-R |
| 100 | 1 | |a Tannenbaum, Robert S. |q (Robert Sher) | |
| 245 | 0 | 0 | |a Theoretical foundations of multimedia / |c Robert S. (Robert Sher) Tannenbaum. |
| 260 | |a New York : |b Computer Science Press, |c 1998. | ||
| 300 | |a xvi, 624p. : |b ill. | ||
| 630 | 0 | 4 | |a Computer. |
| 630 | 0 | 4 | |a Multimedia. |
| 650 | 0 | 4 | |a Multimedia systems. |
| OWN | |a DUT | ||
| 999 | |a From the UDN01 | ||
| TYP | |a Monograph | ||
| TYP | |a Printed language | ||
| 980 | |a Mạng thư viện Đại học Đà Nẵng | ||


